00490 a2200109 4500001001000000005001700010008004100027245012800068100003100196700003300227773012000260ART_2345220260410161918.0260409a 10aExtensible business reporting language (XBRL) como facilitador tecnológico para la difusión de información financiera1 aBenítez Nuñez, Dorelly1 aBenítez Pineda, Lina Paola0 tDocumentos de trabajo de contabilidad, auditoría y responsabilidad socialg- Año 3, Nº 5 (jun. 2013)wREV14385